[Event "GER-ch U25"]
[Site "Oberhof"]
[Date "2010.05.23"]
[Round "2"]
[White "Yin, Stanley"]
[Black "Bulygin, Anton"]
[Result "0-1"]
[WhiteElo "1976"]
[BlackElo "2051"]
[PlyCount "36"]
[EventDate "2010.05.22"]
[EventType "swiss"]
[EventRounds "9"]
[EventCountry "GER"]
[SourceTitle "CBM 136 Extra"]
[Source "ChessBase"]
[SourceDate "2010.07.02"]
[SourceVersion "2"]
[SourceVersionDate "2010.07.15"]
[SourceQuality "1"]

1. c4 c5 2. Nc3 Nc6 3. Nf3 e5 4. d3 g6 5. g3 Bg7 6. Bg2 Nge7 7. 0-0 0-0 8. a3 d6 9. Rb1 a5 10. Nb5 h6 11. Bd2 f5 12. b4 axb4 13. axb4 cxb4 14. Bxb4 Nxb4 15. Rxb4 Nc6 16. Rb2 e4 17. Rb1 exf3 18. Bxf3 Kh8 0-1

[Event "Travemuende op 25th"]
[Site "Travemuende"]
[Date "2008.12.28"]
[Round "4"]
[White "Bulygin, Anton"]
[Black "Zumsande, Martin"]
[Result "1/2-1/2"]
[WhiteElo "1982"]
[BlackElo "2411"]
[PlyCount "51"]
[EventDate "2008.12.27"]
[EventType "swiss"]
[EventRounds "7"]
[EventCountry "GER"]
[SourceTitle "EXT 2022"]
[Source "ChessBase"]
[SourceDate "2021.10.06"]
[SourceVersion "1"]
[SourceVersionDate "2021.10.06"]
[SourceQuality "1"]

1. c4 e6 2. d4 d5 3. e3 Nf6 4. Nc3 Be7 5. Nf3 0-0 6. Be2 dxc4 7. Bxc4 a6 8. a4 b6 9. 0-0 Bb7 10. Qe2 Nbd7 11. Rd1 Bb4 12. Ne1 Bd6 13. f3 e5 14. Nc2 Qe7 15. Kh1 exd4 16. Nxd4 g6 17. e4 Nh5 18. Qf2 c6 19. Be3 b5 20. Bf1 Ne5 21. Nb3 Rae8 22. axb5 axb5 23. Bb6 Ra8 24. Rac1 Rae8 25. Rc2 Bb8 26. Rcd2 1/2-1/2

[Event "Kiel op 21th"]
[Site "Kiel"]
[Date "2008.08.09"]
[Round "1"]
[White "Bulygin, Anton"]
[Black "Herzenstein, Georg"]
[Result "0-1"]
[WhiteElo "1881"]
[BlackElo "2097"]
[PlyCount "50"]
[EventDate "2008.08.09"]
[EventType "swiss"]
[EventRounds "9"]
[EventCountry "GER"]
[SourceTitle "EXT 2009"]
[Source "ChessBase"]
[SourceDate "2008.11.26"]
[SourceVersion "1"]
[SourceVersionDate "2008.11.26"]
[SourceQuality "1"]

1. c4 e5 2. Nc3 Nc6 3. g3 f5 4. Bg2 Nf6 5. e3 Be7 6. Nge2 0-0 7. 0-0 Qe8 8. d3 d6 9. Rb1 Qh5 10. f4 Be6 11. h3 e4 12. dxe4 fxe4 13. f5 Bxc4 14. Nf4 Qxf5 15. Rf2 Qg5 16. b3 Bf7 17. g4 d5 18. Nb5 Rac8 19. Nd4 Nxd4 20. exd4 Qh4 21. b4 h5 22. g5 Nd7 23. Rb3 Bxg5 24. Bxe4 dxe4 25. Ng2 Qxf2+ 0-1